Experts Use Compensatory Strategies more often than Novices in Hiring Decisions
Salvato in:
| Autore principale: | |
|---|---|
| Altri autori: | , |
| Natura: | Capitolo di libro |
| Lingua: | inglese |
| Tags: |
Nessun Tag, puoi essere il primo ad aggiungerne!!
|
MARC
| LEADER | 00000naa a2200000 4500 | ||
|---|---|---|---|
| 001 | 0185086 | ||
| 005 | 20240502073154.6 | ||
| 041 | 0 | |a eng | |
| 044 | |a SK | ||
| 245 | 1 | 0 | |a Experts Use Compensatory Strategies more often than Novices in Hiring Decisions |c Róbert Hanák, Miroslav Sirota, Marie Juanchich |
| 100 | 1 | |a Hanák, Róbert, 1979- | |
| 700 | 1 | |a Sirota, Miroslav | |
| 700 | 1 | |a Juanchich, Marie | |